/ شور کے درمیان (Record no. 106052)

MARC details
000 -LEADER
fixed length control field 00826nam a22002537a 4500
005 - DATE AND TIME OF LATEST TRANSACTION
control field 20170123162302.0
010 ## - LIBRARY OF CONGRESS CONTROL NUMBER
LC control number B-208820
020 ## - INTERNATIONAL STANDARD BOOK NUMBER
Terms of availability 140.00
International Standard Book Number 8182231469
035 ## - SYSTEM CONTROL NUMBER
System control number B-208820
037 ## - SOURCE OF ACQUISITION
Source of stock number/acquisition Cen Lib/Ret
040 ## - CATALOGING SOURCE
Original cataloging agency DPL
Language of cataloging UR
082 ## - DEWEY DECIMAL CLASSIFICATION NUMBER
Classification number 841
Item number اوے
100 ## - MAIN ENTRY--PERSONAL NAME
Personal name اویسی،جمال
9 (RLIN) 142696
245 ## - TITLE STATEMENT
Title / شور کے درمیان
Statement of responsibility, etc جمال اویسی
246 ## - VARYING FORM OF TITLE
Title proper/short title Shor kr darmiyan
Remainder of title by Jamal Uwesi
260 ## - PUBLICATION, DISTRIBUTION, ETC. (IMPRINT)
Place of publication, distribution, etc دہلی
Name of publisher, distributor, etc ایجوکیشنل پبلشنگ ہاؤس
Date of publication, distribution, etc 2006
270 ## - ADDRESS
Address گلی وکیل، کچہ پنڈت، لال کان
City دہلی
Postal code 110006
300 ## - PHYSICAL DESCRIPTION
Extent 144p.
Dimensions 22cm(Hb)
650 ## - SUBJECT ADDED ENTRY--TOPICAL TERM
Topical term or geographic name as entry element اردو ادب
General subdivision
Geographic subdivision
9 (RLIN) 142697
650 ## - SUBJECT ADDED ENTRY--TOPICAL TERM
Topical term or geographic name as entry element اردو شاعری
Form subdivision
9 (RLIN) 142698
650 ## - SUBJECT ADDED ENTRY--TOPICAL TERM
Topical term or geographic name as entry element Urdu adab
9 (RLIN) 142699
650 ## - SUBJECT ADDED ENTRY--TOPICAL TERM
Topical term or geographic name as entry element Urdu Shayari
9 (RLIN) 142700
942 ## - ADDED ENTRY ELEMENTS (KOHA)
Source of classification or shelving scheme Dewey Decimal Classification
Koha item type Urdu Bks
Classification part 841
Call number suffix اوے
Holdings
Withdrawn status Lost status Damaged status Not for loan Home library Current library Date acquired Source of acquisition Cost, normal purchase price Total Checkouts Full call number Barcode Date last seen Date checked out Copy number Cost, replacement price Price effective from Koha item type
        Central Library Central Library 20/06/2015 Cen Lib/Ret 140.00 2 841 اوے B-208820 28/06/2021 27/02/2021 1 140.00 15/09/2016 Urdu Bks

© Delhi Public Library
Hit Counter
free hit counter